Pre bezpečnú, plynulú a hospodárnu plavbu

Jednou z najväčších udalostí pre vodnú dopravu v Európe bolo otvorenie kanála Mohan-Dunaj v Nemecku. Na Slovensku sa ukončila výstavba etapy variantu C, náhradného riešenia na Vodnom diele Gabčíkovo. Prehradenie Dunaja pri Čuňove skvalitnilo vodnú cestu na Dunaji. Bezpečnosť vodnej dopravy na Dunaji...

Descripción completa

Guardado en:
Detalles Bibliográficos
Autor principal: Pavelek, J.
Formato: Capítulo de libro
Lenguaje:eslovaco
Materias:
Etiquetas: Agregar Etiqueta
Sin Etiquetas, Sea el primero en etiquetar este registro!

MARC

LEADER 00000naa a2200000 4500
001 r024572
005 20221213114928.8
041 0 |a slo 
044 |a SK 
245 1 0 |a Pre bezpečnú, plynulú a hospodárnu plavbu  |c J. Pavelek 
520 |a Jednou z najväčších udalostí pre vodnú dopravu v Európe bolo otvorenie kanála Mohan-Dunaj v Nemecku. Na Slovensku sa ukončila výstavba etapy variantu C, náhradného riešenia na Vodnom diele Gabčíkovo. Prehradenie Dunaja pri Čuňove skvalitnilo vodnú cestu na Dunaji. Bezpečnosť vodnej dopravy na Dunaji. 
610 2 0 |a doprava vodná 
610 2 0 |a diela vodné 
610 2 0 |a Vodné dielo Gabčíkovo 
610 2 0 |a kanály 
610 2 0 |a Mohan-Dunaj 
610 2 0 |a Dunaj 
610 2 0 |a Nemecko 
610 2 0 |a Rakúsko 
610 2 0 |a Slovensko 
610 2 0 |a Maďarsko 
610 2 0 |a Čunovo 
610 2 0 |a cesty vodné 
610 2 0 |a bezpečnosť dopravy 
100 1 |a Pavelek, J.